Escolas Literárias da Língua Portuguesa - Statistics

Estatísticas Gerais
  • Esse quiz foi jogado 313 vezes
  • A pontuação média é 8 de 12
Estatísticas das Respostas
Escola Literária Principal Autor Características % Correto
Romantismo José de Alencar,Castro Alves, Gonçalves Dias - Sentimentalista- Nacionalista
94%
Realismo Machado de Assis - Objetividade- Críticas sociais
87%
Barroco Gregório de Matos - Dualidade- Paradoxos - Religioso e profano
85%
Modernismo Carlos Drummondde Andrade - Liberdade de Expressão- Fuga dos moldes acadêmicos - Coloquialismo
84%
Naturalismo Aluisio de Souza - Retrato objetivo da realidade- Críticas sociais - Positivismo, cientificismo - Regionalismo
72%
Parnasianismo Olavo Bilac - Poesia Formal- Busca pela perfeição
68%
Arcadismo Tomás AntônioGonzaga, Cláudio Manuel da Costa - Exaltação da natureza- Bucolismo - Temas simples
67%
Trovadorismo Dom Dinis,Nobreza européia - Cantigas líricas e satíricas- Cantigas de amigo e de amor - Cantigas de escárnio e maldizer
61%
Simbolismo Cruz e Sousa - Fuga da realidade- Não busca a perfeição - Mística, subjetividade
60%
Classicismo Luis de Camões - Épico- Clássico greco-romano - Versos Decassílabos
53%
Humanismo Gil Vicente - Pensamento Renascentista- Antropocentrismo
42%
Contemporaneidade - - Poesia Livre
13%
Nenhum quiz correspondente encontrado
Distribuição das Pontuações
Porcentagem de Pessoas com Cada Pontuação
Percentil de Números Respondidos
Sua Pontuação Histórica
Você não jogou esse quiz